| 000 | 00675nam a22002057a 4500 | ||
|---|---|---|---|
| 005 | 20240517054129.0 | ||
| 008 | 240517b |||||||| |||| 00| 0 eng d | ||
| 020 | _a9789393864291 | ||
| 040 |
_aIN-DiNC _cIN-DiNC |
||
| 041 | _dasm | ||
| 082 |
_a338.9 _bDEV |
||
| 245 |
_aDevelopment in North East India: _bissues and prospects/ _ced. by Bedabrat Saikia, Romen Kalita and Jamanur Rahman |
||
| 260 |
_aGuwahati: _bAssam College Teachers Association, _c2024. |
||
| 300 | _axviii, 282p. | ||
| 650 | _aEconomic development in North East India | ||
| 700 |
_aSaikia, Bedabrat _eEditor |
||
| 700 |
_aKalita, Romen _eEditor |
||
| 700 |
_aRahman, Jamanur _eEditor |
||
| 942 |
_2ddc _cBK |
||
| 999 |
_c11820 _d11820 |
||